000 00291 a2200133 4500
000 nam a22 7a 4500
100 _aR S N Pillai
110 _aR S N Pillai
245 _aStatistics
250 _alatest edition
260 _bS Chand
_c2024
264 _bS Chand
_c2024
942 _cBK
999 _c394374
_d394374